A course of mathematics in three volumes, for the use of academies as well as private tuition (Record no. 114204)
[ view plain ]
| 000 -LEADER | |
|---|---|
| fixed length control field | 00693cam a22002055a 4500 |
| 001 - CONTROL NUMBER | |
| control field | L156356 |
| 008 - FIXED-LENGTH DATA ELEMENTS--GENERAL INFORMATION | |
| fixed length control field | 120515s1819 xxk f 000 0 eng d |
| 035 ## - SYSTEM CONTROL NUMBER | |
| System control number | (Sirsi) u156356 |
| 041 0# - LANGUAGE CODE | |
| Language code of text/sound track or separate title | eng |
| 100 1# - MAIN ENTRY--PERSONAL NAME | |
| Personal name | Hutton, Charles |
| Dates associated with a name | 1737-1823 |
| 245 02 - TITLE STATEMENT | |
| Title | A course of mathematics in three volumes, for the use of academies as well as private tuition |
| Statement of responsibility, etc. | by Charles Hutton |
| 250 ## - EDITION STATEMENT | |
| Edition statement | 7th ed., enl. and corrected |
| 260 ## - PUBLICATION, DISTRIBUTION, ETC. | |
| Place of publication, distribution, etc. | London |
| Name of publisher, distributor, etc. | Print. for F.C. and J. Rivington |
| Date of publication, distribution, etc. | 1819-1820 |
| 300 ## - PHYSICAL DESCRIPTION | |
| Extent | 3 v. |
| Dimensions | 24 cm. |
| 520 ## - SUMMARY, ETC. | |
| Summary, etc. | Library holds volume 2 only. |
| 583 ## - ACTION NOTE | |
| Action | Condition reviewed |
| Time/date of action | 20120620 |
| Status | condition level 4 |
| 651 #4 - SUBJECT ADDED ENTRY--GEOGRAPHIC NAME | |
| Geographic name | Great Britain |
| Chronological subdivision | 1707- |
| 690 ## - LOCAL SUBJECT ADDED ENTRY--TOPICAL TERM (OCLC, RLIN) | |
| Topical term or geographic name as entry element | Measurement |
| 9 (RLIN) | 6256 |
| 942 ## - ADDED ENTRY ELEMENTS (KOHA) | |
| Suppress in OPAC | 0 |
| Withdrawn status | Lost status | Source of classification or shelving scheme | Damaged status | Not for loan | Home library | Current library | Shelving location | Date acquired | Total Checkouts | Full call number | Barcode | Date last seen | Copy number | Price effective from | Koha item type |
|---|---|---|---|---|---|---|---|---|---|---|---|---|---|---|---|
| Dewey Decimal Classification | Historic collection | Historic collection | Historic collection | 15/05/2012 | OCTAVO 1819 HUTTON VOL. 2 | 30077676 | 06/08/2019 | 1 | 06/08/2019 | Book |